Culture Générale - Série 1276 - Statistiques

Statistiques générales
  • Ce quiz a été pris 79 fois
  • Le résultat moyen est 5 sur 10
Statistiques - réponses
Question Réponse % Correct
Combien d'écrivains trouve-t-on phonétiquement dans la phrase : "Perchée sur la racine de la bruyère, la corneille boit l'eau de la fontaine Molière" ? six
97%
Quel cheval blanc, monture d'un héros de B.D., éprouve le plus grand mépris pour Rantanplan ? Jolly Jumper
80%
En 1913, sous quel pont coule la Seine, dans un poème de Guillaume Apollinaire ? pont Mirabeau
70%
Dans quelle ville de l'Est des États-Unis pouvez-vous visiter le célèbre musée Solomon R. Guggenheim ? New York
59%
En français, le néologisme d'origine anglo-américaine "bobo", est l'abréviation des mots... bourgeois bohème
57%
En poésie, combien de syllabes compte un "hendécasyllabe" ? onze
56%
Quelle est l'unité monétaire principale ayant cours en Pologne ? zloty
53%
En 1951, quelle femme de lettres française, prénommée Françoise, parolière de Marie-Paule Belle, publie "Le Rempart des béguines" ? Françoise Mallet-Joris
9%
Selon le proverbe, qu'est-ce qui “sent toujours le hareng” ? la caque
6%
Comment appelle-t-on les habitants de Pont-Saint-Esprit, dans le Gard ? Spiripontains
4%
Aucun quiz correspondant
Distribution des résultats
% des personnes avec chaque résultat
Percentile par nombre de réponses
Votre historique - résultats
Vous n’avez pas pris ce quiz